<?xml version="1.0" encoding="UTF-8"?>
<record
    xmlns:xsi="http://www.w3.org/2001/XMLSchema-instance"
    xsi:schemaLocation="http://www.loc.gov/MARC21/slim http://www.loc.gov/standards/marcxml/schema/MARC21slim.xsd"
    xmlns="http://www.loc.gov/MARC21/slim">

  <leader>02220nam a22004338i 4500</leader>
  <controlfield tag="001">BRILL9789004686267</controlfield>
  <controlfield tag="003">nllekb</controlfield>
  <controlfield tag="005">20260415155106.0</controlfield>
  <controlfield tag="006">m        d        </controlfield>
  <controlfield tag="007">cr un    uuuua</controlfield>
  <controlfield tag="008">231123s2024    gw      sb    001 0 eng d</controlfield>
  <datafield tag="020" ind1=" " ind2=" ">
    <subfield code="a">9789004686267</subfield>
    <subfield code="q">(electronic book)</subfield>
  </datafield>
  <datafield tag="020" ind1=" " ind2=" ">
    <subfield code="z">9789004684898</subfield>
    <subfield code="q">(print)</subfield>
  </datafield>
  <datafield tag="024" ind1="7" ind2=" ">
    <subfield code="a">110.1163/9789004686267</subfield>
    <subfield code="2">DOI</subfield>
  </datafield>
  <datafield tag="035" ind1=" " ind2=" ">
    <subfield code="z">(OCoLC)1402021024</subfield>
  </datafield>
  <datafield tag="040" ind1=" " ind2=" ">
    <subfield code="a">NL-LeKB</subfield>
    <subfield code="c">NL-LeKB</subfield>
    <subfield code="e">rda</subfield>
  </datafield>
  <datafield tag="041" ind1=" " ind2=" ">
    <subfield code="a">eng</subfield>
  </datafield>
  <datafield tag="050" ind1=" " ind2="4">
    <subfield code="a">D116</subfield>
  </datafield>
  <datafield tag="072" ind1=" " ind2="7">
    <subfield code="a">HB</subfield>
    <subfield code="2">bicssc</subfield>
  </datafield>
  <datafield tag="072" ind1=" " ind2="7">
    <subfield code="a">HIS</subfield>
    <subfield code="x">000000</subfield>
    <subfield code="2">bisacsh</subfield>
  </datafield>
  <datafield tag="082" ind1="0" ind2="4">
    <subfield code="a">940.1</subfield>
    <subfield code="2">23</subfield>
  </datafield>
  <datafield tag="245" ind1="1" ind2="4">
    <subfield code="a">The Medieval Chronicle 16 /</subfield>
    <subfield code="c">edited by Erik Kooper and Sjoerd Levelt.</subfield>
  </datafield>
  <datafield tag="300" ind1=" " ind2=" ">
    <subfield code="a">1 online resource (320 pages) :</subfield>
    <subfield code="b">illustrations.</subfield>
  </datafield>
  <datafield tag="490" ind1="1" ind2=" ">
    <subfield code="a">Late Antiquity and Medieval Studies E-Books Online, Collection 2024</subfield>
  </datafield>
  <datafield tag="490" ind1="1" ind2=" ">
    <subfield code="a">The Medieval Chronicle ;</subfield>
    <subfield code="v">16</subfield>
  </datafield>
  <datafield tag="504" ind1=" " ind2=" ">
    <subfield code="a">Includes bibliographical references and index.</subfield>
  </datafield>
  <datafield tag="520" ind1=" " ind2=" ">
    <subfield code="a">Alongside annals, chronicles were the main genre of historical writing in the Middle Ages. All chronicles raise such questions as by whom, for whom, or for what purpose they were written, how they reconstruct the past, or which literary influences are discernible in them. Their significance as sources for the study of history, literature, linguistics, and art is widely appreciated. The series The Medieval Chronicle , published in cooperation with the Medieval Chronicle Society (medievalchronicle.org), provides a representative survey of on-going research in the field of chronicle studies, illustrated by examples from a wide variety of countries, periods, and cultural backgrounds.</subfield>
  </datafield>
  <datafield tag="546" ind1=" " ind2=" ">
    <subfield code="a">English</subfield>
  </datafield>
  <datafield tag="650" ind1=" " ind2="0">
    <subfield code="a">Literature, Medieval</subfield>
    <subfield code="x">History and criticism</subfield>
    <subfield code="v">Congresses.</subfield>
  </datafield>
  <datafield tag="650" ind1=" " ind2="0">
    <subfield code="a">Literature, Medieval.</subfield>
  </datafield>
  <datafield tag="650" ind1=" " ind2="0">
    <subfield code="a">Middle Ages</subfield>
    <subfield code="x">Historiography</subfield>
    <subfield code="v">Congresses.</subfield>
  </datafield>
  <datafield tag="700" ind1="1" ind2=" ">
    <subfield code="a">Kooper, Erik,</subfield>
    <subfield code="e">editor.</subfield>
  </datafield>
  <datafield tag="700" ind1="1" ind2=" ">
    <subfield code="a">Levelt, Sjoerd,</subfield>
    <subfield code="e">editor.</subfield>
  </datafield>
  <datafield tag="776" ind1="0" ind2="8">
    <subfield code="i">Print version:</subfield>
    <subfield code="t">The Medieval Chronicle 16.</subfield>
    <subfield code="d">Leiden ; Boston : Brill, 2024.</subfield>
    <subfield code="z">9789004684898</subfield>
  </datafield>
  <datafield tag="830" ind1=" " ind2="0">
    <subfield code="a">Late Antiquity and Medieval Studies E-Books Online, Collection 2024.</subfield>
  </datafield>
  <datafield tag="830" ind1=" " ind2="0">
    <subfield code="a">The Medieval Chronicle ;</subfield>
    <subfield code="v">16.</subfield>
  </datafield>
  <datafield tag="856" ind1="4" ind2=" ">
    <subfield code="u">http://dx.doi.org/10.1163/9789004686267</subfield>
  </datafield>
  <datafield tag="942" ind1=" " ind2=" ">
    <subfield code="2">ddc</subfield>
    <subfield code="c">E-BOOK</subfield>
  </datafield>
  <datafield tag="999" ind1=" " ind2=" ">
    <subfield code="c">49382</subfield>
    <subfield code="d">49382</subfield>
  </datafield>
  <datafield tag="952" ind1=" " ind2=" ">
    <subfield code="r">2026-04-15 11:21:00</subfield>
    <subfield code="l">0</subfield>
    <subfield code="o">940.1</subfield>
    <subfield code="p">EB04576</subfield>
    <subfield code="u">https://doi.org/10.1163/9789004686267</subfield>
    <subfield code="w">2026-04-15</subfield>
    <subfield code="y">E-BOOK</subfield>
    <subfield code="1">0</subfield>
    <subfield code="2">ddc</subfield>
    <subfield code="4">0</subfield>
    <subfield code="7">0</subfield>
    <subfield code="0">0</subfield>
    <subfield code="a">CUTN</subfield>
    <subfield code="b">CUTN</subfield>
    <subfield code="d">2026-04-15</subfield>
  </datafield>
</record>
